000 00449nam a2200157Ia 4500
008 240729s9999 xx 000 0 und d
022 _a2069-7619
245 0 _aBalneo Research Journal
260 _aRomania
260 _bRomanian Association of Balneology, Editura Balneara
650 _a Therapeutics. Pharmacology
650 _aMedicine
856 _uhttps://doaj.org/toc/842e6a00ed9447f2a30250c22423ad11
942 _2ddc
942 _cDOAJEJ
999 _c66624
_d66624
945 _a1
_bMadushi Gamage
_c1
_dMadushi Gamage